Ελληνικές τοπικές ενδυμασίες = Greek regional costumes = Costumes regionaux grecs
Saved in:
| Main Author: | |
|---|---|
| Other Authors: | , , |
| Format: | Book |
| Language: | Greek English French |
| Published: |
Ναύπλιο :
Πελοποννησιακό Λαογραφικό Ίδρυμα,
1996.
|
| Subjects: | |
| Tags: |
Add Tag
No Tags, Be the first to tag this record!
|
MARC
| LEADER | 00000cam a2200000 i 4500 | ||
|---|---|---|---|
| 001 | 1/79619 | ||
| 008 | 050629s1996####gr | | ||| |||| ||gre|| | ||
| 020 | |a 960851598X | ||
| 035 | |l 10078805 | ||
| 040 | |a GR-MY-UA |b gre |e aacr | ||
| 041 | 0 | |a gre |a eng |a fre | |
| 082 | 0 | |a 391.2 |2 (22) | |
| 100 | 1 | |a Παπαντωνίου, Ιωάννα, |d 1936- | |
| 245 | 1 | 0 | |a Ελληνικές τοπικές ενδυμασίες = |b Greek regional costumes = Costumes regionaux grecs / |c Ιωάννα Παπαντωνίου ; φωτογραφίες Ρωμύλος Παρίσης ... [κ.ά.] ; μετάφραση Ποθούλα Καψαμπέλη, Δάφνη Καψαμπέλη. |
| 246 | 1 | |i Παράλληλος τίτλος: |a Greek regional costumes | |
| 246 | 1 | |i Παράλληλος τίτλος: |a Costumes regionaux grecs | |
| 260 | |a Ναύπλιο : |b Πελοποννησιακό Λαογραφικό Ίδρυμα, |c 1996. | ||
| 300 | |a 220 σ. ; |c 28 εκ. | ||
| 504 | |a Περιέχει βιβλιογραφία και γλωσσάρι. | ||
| 650 | 0 | 0 | |a Clothing and dress |z Greece. |
| 700 | 1 | |a Παρίσης, Ρωμύλος. |4 pht | |
| 700 | 1 | |a Καψαμπέλη, Δάφνη. |4 trl | |
| 700 | 1 | |a Καψαμπέλη, Ποθούλα. |4 trl | |
| 852 | |a INST |b LESVOS |e 20050629 |h 391.2 ΠΑΠ |p 005100027548 |q 005100027548 |t BK |y 0 | ||
| 901 | |a BIBL1-2005-2 | ||
| 909 | |a Λ |b 120773 | ||
| 922 | |a 1ΕΛΗ |b 200506 |c ΤΑΚ/ΚΥΒ |d ΕΙΡΜΟΣ | ||
| 970 | |a ΚΑΜΑΤΣΟΥ |b ΔΕΣΠΟΙΝΑ |z 2005/06/29 | ||